000 00456nam a22001817a 4500
003 CEME
005 20210628204841.0
008 210222b xxu||||| |||| 00| 0 eng d
020 _a0-12-049940-1
040 _c.
082 _a005.133-C++ ALG'S
100 _aAlger, Jeff
_972621
245 _aSecrets of the c plus plus masters
260 _aLONDON
_bAP
_c1995
300 _a388P
650 _aC++ (COMPUTER LAGUAGE PROGRAM)
_972622
942 _cBK
_2ddc
999 _c578616
_d578616